000 00740nam a2200265Ia 4500
001 Para_6296
003 CHAP
008 220125s1914 xx 000 0 und d
010 _a203647
040 _cCHAP
082 _aPA 595.7 F3
100 _aFabre, J.H.
_939282
245 _aSouvenirs entomologiques :
_b études sur 1' instinct et les mceurs des insectes /
_c by J. H. Fabre - (M /
_cBAJA)
260 _aParis :
_b Delagrave
300 _a375 p.
650 _aEntomología
_937113
650 _aInsectos
_x habitos y conducta
_958927
901 _aPA 595.7 F3
902 _aM
905 _a0000001914 a 0000000000 00
910 _a1914
942 _cPARA
942 _cPARA
_d1
999 _c203647
_d203647